PHARMACOGNOSY (Record no. 7217)

MARC details
000 -LEADER
fixed length control field 00240nam a2200121Ia 4500
082 ## - DEWEY DECIMAL CLASSIFICATION NUMBER
Classification number 615.34
Item number P11R
100 ## - MAIN ENTRY--PERSONAL NAME
Personal name RAJE, V.N.
245 ## - TITLE STATEMENT
Title PHARMACOGNOSY
260 ## - PUBLICATION, DISTRIBUTION, ETC. (IMPRINT)
Name of publisher, distributor, etc CBS- DELHI
300 ## - PAGE DESCRIPTION
No. of Pages 160
650 ## - SUBJECT ADDED ENTRY--TOPICAL TERM
Topical term or geographic name as entry element PHARMACOGLOSY
942 ## - ADDED ENTRY ELEMENTS (KOHA)
Source of classification or shelving scheme Dewey Decimal Classification
Koha item type Books
Holdings
Withdrawn status Lost status Source of classification or shelving scheme Damaged status Not for loan Collection code Home library Current library Date acquired Vendor Name Cost, normal purchase price SGTU Bill Number Total Checkouts Total Renewals Full call number Accession No. (Barcode) Date last seen Date last borrowed Bill Date Koha item type
    Dewey Decimal Classification     PHARMACY SGT FA-FP Library SGT FA-FP Library 02/07/2015 ABC DELHI 110.00 SGTU 5118 24 1 615.34 P11R FP717 26/07/2021 31/03/2021 12/02/2014 Books